| 000 | 00751nam a2200181Ia 4500 | ||
|---|---|---|---|
| 008 | 151202s9999||||xx |||||||||||||| ||und|| | ||
| 082 | _bPNVM-35915 | ||
| 100 | _aपारखे म.स/बाबूराव. | ||
| 245 | _aअण्णांचे आध्यात्मिक अंतरंग. | ||
| 260 | _bविश्वमोहिनी प्रकाशन पुणे. | ||
| 260 | _c1984 | ||
| 300 | _a66 | ||
| 600 | _aपारखे म.स/बाबूराव. | ||
| 630 | _aअण्णांचे आध्यात्मिक अंतरंग. | ||
| 700 | _aपारखे म.स/बाबूराव. | ||
| 730 | _aअण्णांचे आध्यात्मिक अंतरंग. | ||
| 942 | _cBOOK | ||
| 999 |
_c1301867 _d1301864 |
||